Statistics for Red Desert - 5 Seconds of Summer (All Lyrics)

Click here to take the quiz!

General Stats

  • This quiz has been taken 255 times
  • The average score is 209 of 229

Answer Stats

Red Desert% Correct
a
99%
desert
99%
I
99%
Bridge | ChorusRed
99%
red
99%
you
99%
for
98%
deeper
97%
to
97%
your
97%
feel
96%
blues
95%
long
95%
The
95%
the
95%
What
95%
what
95%
blessing
94%
dive
94%
love
94%
our
94%
so
94%
heal
93%
all
92%
do
92%
i'd
92%
I'd
92%
with
92%
away
91%
Verse 1I've
91%
one
91%
been
90%
only
90%
OutroPack
90%
pack
90%
up
90%
moments
89%
this
89%
Twilight
89%
bags
87%
me
87%
stay
87%
You're
87%
hear
86%
i'm
86%
Pre-ChorusTell
86%
tell
86%
they
86%
far
85%
asleep
84%
from
83%
would
83%
demons
82%
I'll
82%
running
82%
say
82%
true
82%
North?
81%
North
81%
see
79%
are
78%
before
78%
strong
78%
and
77%
Visions
77%
we're
77%
begging
75%
like
75%
told
75%
world?
75%
again
74%
of
74%
leave
73%
at
72%
edge
72%
replace
72%
they're
72%
Won't
71%
Verse 2It
70%
take
68%
too
68%
fears
67%
wasting
65%
doesn't
64%

Score Distribution

Percentile by Number Answered

Percent of People with Each Score

Your Score History

You have not taken this quiz